000 00643nam a2200241Ia 4500
003 OSt
005 20221007071101.0
006 a|||||r|||| 00| 0
007 ta
008 221006b |||||||| |||| 00| 0 eng d
024 _a24,092
037 _cTextual
040 _aFLL
_cFLL
_beng
041 _2eng
_aeng
082 _aZ2:211:46, H6
100 _aPrakash Om
245 0 _aCompulsory acquisition of land in British India
250 _a2nd
260 _aLahore
_bThe University Book Agency India
_c1946
300 _aiv-1-781p
_ccm.
942 _hZ2:211:46, H6
_cTEXL
_2CC
999 _c1142404
_d1142404